| 000 | 00514nam a2200169 i 4500 | ||
|---|---|---|---|
| 001 | 65562 | ||
| 003 | ES-MaACL | ||
| 007 | t| | ||
| 008 | 040115s1969 mx ||||1| spa d | ||
| 100 | 1 |
_aFriedrich, Carl Joachim. _952646 |
|
| 245 | 1 | 0 |
_aIntroducción a la teoría política / _cCarl J. Friedrich ; [versión por Andrés M. Mateo]. |
| 250 | _a[1ª ed.]. | ||
| 260 |
_a[México] : _bRoble, _c[1969] |
||
| 300 |
_aX, 190 p. ; _c20 cm. |
||
| 700 | 1 |
_aMateo, Andrés M. _978937 |
|
| 852 |
_aES-MaACL _jE-9185 _bR.93712 |
||
| 999 |
_c65562 _d65562 |
||